000 01354nam a2200385 c 4500
001 52676
003 ES-MaCES
005 20250203133240.0
008 230217s2022 ssp o000|| spad
017 _aM 25252-2022
_bDL
020 _a9788413814674
024 _a204-22-009-X
_2nipo
040 _aES-MaCES
_bspa
_cES-MaCES
245 0 0 _aReformas para la cohesión territorial de España
_cGabriel Moreno González (dir.) ; pr. de Isabel Rodríguez García
260 _aMadrid [etc.]
_bMarcial Pons
_bMinisterio de Política Territorial
_c2022
300 _a223 p.
_c24 cm
504 _aBibliografía
541 _cCompra
650 4 _apolítica gubernamental
_927211
650 4 _aplanificación regional
_927023
650 4 _apolítica regional
_930779
650 4 _adesigualdad regional
_929372
650 4 _aenvejecimiento de la población
_930614
650 4 _atransferencia de competencias
_930889
650 4 _adesarrollo regional
_929186
650 4 _adesarrollo económico y social
_929234
650 4 _adesarrollo político
_929225
650 4 _aEspaña
_926964
653 1 0 _aDesarrollo regional
700 1 _940634
_aMoreno González, Gabriel
_edir.
700 1 _913051
_aGarcía Rodríguez, Isabel
_epr.
710 1 _940635
_aEspaña
_bMinisterio de Política Territorial
902 _aLIB Libro
942 _2CES
_cBK
_h1.1.
999 _c52676
_d52676